| 000 | 00647nam a2200181Ia 4500 | ||
|---|---|---|---|
| 008 | 100920s9999 xx 000 0 und d | ||
| 082 |
_b106931 _a24 न 09 |
||
| 100 | _aआर्चर जेफ्री / अनु. साहोनी लीना. | ||
| 245 | _aकॅट ओबाईन टेल्स. | ||
| 260 |
_bमेहता पब्लिशिंग हाऊस, पुणे. _c2009 |
||
| 300 |
_a217 _bसाधी |
||
| 365 | _b200 | ||
| 520 | _aसायो. | ||
| 630 | _aकॅट ओबाईन टेल्स. | ||
| 650 | _aसायो. | ||
| 730 | _aकॅट ओबाईन टेल्स. | ||
| 942 | _cBOOK | ||
| 999 |
_c747355 _d747352 |
||